000 00883nam a22002177a 4500
003 OSt
005 20170608093041.0
008 150408b xxu||||| |||| 00| 0 eng d
040 _cBMC
082 _a670.42
082 _a658.04
100 1 _935305
_aCastillo Peñate, Álvaro Antonio
245 1 _aPasantía en YKK El Salvador S.A. de C.V.
_b: Informe final
_cÁlvaro Antonio Castillo Peñate
260 _aSanta Ana (El Salvador)
_bUniversidad Católica de El Salvador
_c2008
300 _a1 folleto (42 h.)
_bil. col
_c28 cm
_e+ 1 disco compacto
500 _aPrecede al tít.: Universidad Católica de El Salvador, Facultad de Ingeniería y Arquitectura
502 _aPara optar al título de: Ingeniero Industrial
650 2 4 _919919
_aIngeniería industrial
710 2 _91166
_aUniversidad Católica de El Salvador
_bFacultad de Ingeniería y Arquitectura
942 _2ddc
_cTG
999 _c21670
_d21670